Podrobná bibliografia
Personálne heslo: Várady-Szakmáry, Jakub, 1697-1769
Médium:Regionálne osobnosti
Bližší popis: Narodený 1697 Kežmarok, zomrel 1769 Kežmarok. Zlatník
Zdroj: 1. Baráthová, Nora 1. Majitelia rodových erbov v Kežmarku 1. In: Historica Carpatica 19/1988. - Košice : VV pre Vsl. múzeum, 1988. S. 227-259. - Obr.
LEADER 00800nz a2200313n 4500
001 000057513
003 SVKKK
005 20101103144053.0
008 060215|n|annnnaabn | a|c
FMT
040 |a SVKKK  |b slo  |e AACR2 
080 |a 739.1 
080 |a 745/749 
100 1 |a Várady-Szakmáry, Jakub,  |d 1697-1769 
400 1 |a Szakmáry, Jakub,  |d 1697-1769 
400 1 |a Szatmári, Jakub,  |d 1697-1769 
678 0 |a Narodený 1697 Kežmarok, zomrel 1769 Kežmarok. Zlatník 
909 |a SK 
973
975
978
979
981
993
993
994
995 |a Baráthová, Nora  |c Majitelia rodových erbov v Kežmarku  |d In: Historica Carpatica 19/1988. - Košice : VV pre Vsl. múzeum, 1988. S. 227-259. - Obr. 
BAS
998 |a REOS